Aile içinde ve toplumsal alanda şiddet (Record no. 1360)

MARC details
000 -BAŞLIK
Sabit Uzunlukta Kontrol Alanı 00791na a2200241 4500
001 - KONTROL NUMARASI
Denetim Alanı 13648
003 - KONTROL NUMARASI IDENTIFIER
Denetim Alanı MIRAKIL
005 - SON İŞLEM TARİHİ VE ZAMANI
Denetim Alanı 20181213154820.0
008 - SABİT-BOY VERİ ELEMANLARI - GENEL BİLGİLER
Sabit Uzunlukta Kontrol Alanı 161102b tu 000 0
020 ## - ULUSLARARASI STANDART KİTAP NUMARASI
Uluslararası Standart Kitap Numarası 9751921376
035 ## - SİSTEM KONTROL NUMARASI
Sistem Kontrol Numarası 13648
040 ## - KATALOGLAMA KAYNAK
Orijinal Kataloglama Ajansı Milas
Kataloglama Dili tur
Metne Dönüştürmek Ajansı TR-AnCHP
082 ## - DEWEY ONLU SINIFLANDIRMA NUMARASI
Sınıflandırma Numarası 362.8292
Ürün Numarası A54 1998
090 ## - SINIFLAMA NUMARASI
Sınıflama Numarası 362.8292 A54 1998
245 ## - BAŞLIK TABLOSU
Başlık Aile içinde ve toplumsal alanda şiddet
Sorumluluk Tablosu, Vb yayın koordinatörü Mesut Taşçı
260 ## - YAYIN, DAĞITIM, VB
Yayın, Dağıtım, Vb Yeri Ankara
Yayıncı, Dağıtıcı, Vs Adı T.C. Başbakanlık Aile Araştırma Kurumu Başkanlığı
Yayın, Dağıtım, Vb Tarihi 1998
300 ## - FİZİKSEL TANIM
Kapsam xl, 311 s.
Diğer Fiziksel Ayrıntıları tbl.
Boyutlar 23 sm.
490 ## - SERİSİ TABLOSU
Seri Beyanı Bilim serisi
Hacim / Ardışık Tanımı 113
650 ## - KONU KATMA GİRİŞ - TOPİKAL DÖNEM
Topikal Süreli Veya Coğrafi Ad Giriş Elemanı Toplumsal sorunlar
Genel Alt Bölümü Şiddet
Kronolojik Alt Bölümü Araştırma ve inceleme
Coğrafi Alt Bölümü Türkiye
650 ## - KONU KATMA GİRİŞ - TOPİKAL DÖNEM
Topikal Süreli Veya Coğrafi Ad Giriş Elemanı Aile içi şiddet
Genel Alt Bölümü Araştırma ve inceleme
Coğrafi Alt Bölümü Türkiye
700 ## - KATMA GİRİŞ - KİŞİSEL İSİM
Kişisel Ad Taşçı, Mesut
942 ## - EKLENDİ GİRİŞ ELEMANLARI (KOHA)
Sınıflandırma Veya Raf Düzeni Kaynak Dewey Decimal Classification
Koha Öğesi Türü Books
999 ## - SİSTEM KONTROL NUMARALARI (KOHA)
Koha Biblionumber 1360
Koha Biblioitemnumber 1360
Holdings
Kalıcı Konum Mevcut Konum Edinme Tarihi Edinim Kaynak Toplam Check-Out'Lar Tam Çağrı Numarası Barkod Tarih Son Görülme İtibaren Geçerli Fiyatlar Koha Öğesi Türü
CHP Kütüphanesi CHP Kütüphanesi 08/15/2016 Bağış   362.8292 A54 1998 001031 08/15/2016 08/15/2016 Books